Phát triển đội ngũ cán bộ quản lý trường trung học cơ sở khu vực thành phố và thị xã trên địa bàn tỉnh Gia Lai đáp ứng chuẩn nghề nghiệp
Cơ sở lý luận về phát triển đội ngũ cán bộ quản lý trường THCS theo quy định chuẩn Hiệu trưởng. Thực trạng phát triển đội ngũ cán bộ quản lý trường THCS khu vực thành phố và thị xã trên địa bàn tỉnh Gia Lai. Biện pháp phát triển đội ngũ cán bộ quản lý trường THCS khu vực thành phố và thị xã trên địa...
Đã lưu trong:
| 主要作者: | |
|---|---|
| 其他作者: | |
| 格式: | 圖書 |
| 語言: | Vietnamese |
| 出版: |
Đà Nẵng
Đại học Đà Nẵng
2015
|
| 主題: | |
| 標簽: |
添加標簽
沒有標簽, 成為第一個標記此記錄!
|
| Thư viện lưu trữ: | Mạng thư viện Đại học Đà Nẵng |
|---|
| LEADER | 02070nam a2200361 4500 | ||
|---|---|---|---|
| 001 | 000023428 | ||
| 003 | 19879 | ||
| 005 | 20151208151227.0 | ||
| 008 | 151204s2015 viesd | ||
| 041 | |a vie | ||
| 082 | 1 | 4 | |a 373.12011 |b NG-M |
| 100 | 1 | |a Nguyễn Anh Minh | |
| 245 | 1 | |a Phát triển đội ngũ cán bộ quản lý trường trung học cơ sở khu vực thành phố và thị xã trên địa bàn tỉnh Gia Lai đáp ứng chuẩn nghề nghiệp |c Nguyễn Anh Minh ; Nguyễn Sỹ Thư hướng dẫn. |k Luận văn Thạc sĩ | |
| 260 | |a Đà Nẵng |b Đại học Đà Nẵng |c 2015 | ||
| 300 | |a 116 tr. ; phụ lục 9 tr. |c 29 cm. |e Tóm tắt | ||
| 500 | |a Luận văn thạc sĩ Quản lý giáo dục. Chuyên ngành: Quản lý giáo dục. Mã số: 60.14.01.14 | ||
| 520 | 3 | |a Cơ sở lý luận về phát triển đội ngũ cán bộ quản lý trường THCS theo quy định chuẩn Hiệu trưởng. Thực trạng phát triển đội ngũ cán bộ quản lý trường THCS khu vực thành phố và thị xã trên địa bàn tỉnh Gia Lai. Biện pháp phát triển đội ngũ cán bộ quản lý trường THCS khu vực thành phố và thị xã trên địa bàn tỉnh Gia Lai đáp ứng chuẩn nghề nghiệp. | |
| 650 | 0 | 4 | |a Giáo dục trung học |v Luận văn tốt nghiệp |x Cán bộ quản lý |x Quản lý |z Gia Lai |
| 653 | |a Giáo dục trung học | ||
| 653 | |a Cán bộ quản lý | ||
| 653 | |a Chuẩn nghề nghiệp | ||
| 653 | |a Quản lý giáo dục | ||
| 700 | 1 | |a Nguyễn Sỹ Thư |c PGS.TS. |e Hướng dẫn | |
| OWN | |a LSP | ||
| AVA | |a UDN50 |b LSP |d 373.12011 NG-M |e available |t Error 5001 Not defined in file expand_doc_bib_avail. |f 1 |g 0 |h N |i 0 |k 1 | ||
| 999 | |a From the UDN01 | ||
| AVA | |a UDN50 |b LSP |d 373.12011 NG-M |e available |t Error 5001 Not defined in file expand_doc_bib_avail. |f 1 |g 0 |h N |i 0 |k 1 | ||
| TYP | |a Monograph | ||
| TYP | |a Printed language | ||
| 980 | |a Mạng thư viện Đại học Đà Nẵng | ||